000 00433nam a2200145Ia 4500
008 151213s9999 xx 000 0 und d
100 _aL. Sue Bough & David A. Thomas
245 _aHow to write first class business correspondence
_cL. Sue Bough & David A. Thomas
260 _aNew Delhi
_bViva Books
300 _a1029 p.
650 _aManagement
650 _aManagement
700 _aL. Sue Bough & David A. Thomas
999 _c1006
_d1006